| 000 | 01450cam a2200349 a 4500 | ||
|---|---|---|---|
| 090 | _c10596 | ||
| 001 | 12115314 | ||
| 005 | 20040618100833.0 | ||
| 008 | 000721s2000 enkc b 001 0 eng d | ||
| 010 | _a 00698324 | ||
| 015 | _aGB99-W8726 | ||
| 020 | _a0471498114 | ||
| 035 | _a(OCoLC)ocm41925965 | ||
| 040 |
_aUKM _cUKM _dC#P _dDLC |
||
| 042 | _alccopycat | ||
| 050 | 0 | 0 |
_aHG4930 _b.D86 2000 |
| 082 | 0 | 0 |
_a332.6 _221 _bDUN |
| 100 | 1 | _aDunbar, Nicholas. | |
| 245 | 1 | 0 |
_aInventing money : _bThe story of Long-term Capital Management and the legends behind it / _cNicholas Dunbar. |
| 260 |
_aChichester ; _bWiley, _cc2000. |
||
| 300 |
_axv, 258 p. : _bill. ; _c24 cm. |
||
| 500 | _a"Best seller"--Cover. | ||
| 504 | _aIncludes bibliographical references and index. | ||
| 650 | 0 | _aFinance. | |
| 650 | 0 | _aFinancial crises. | |
| 856 | 4 | 2 |
_3Contributor biographical information _uhttp://www.loc.gov/catdir/bios/wiley041/00698324.html |
| 856 | 4 | 2 |
_3Publisher description _uhttp://www.loc.gov/catdir/description/wiley031/00698324.html |
| 856 | 4 |
_3Table of Contents _uhttp://www.loc.gov/catdir/toc/onix01/00698324.html |
|
| 942 |
_2ddc _cBB |
||
| 999 |
_c10596 _d10596 |
||